000 01170nam a22003377a 4500
003 CHAP
005 20220329133735.0
008 971013s1978 r 00010 d
010 _a10189
011 _a11161
035 _a10399
040 _cCHAP
090 _aTesis
100 0 0 _aAcevedo Ramos, Rafael.
_9517
245 _aEfecto de 6 densidades de siembra sobre el rendimiento en grano del híbrido Amak-R-12 de sorgo (Sorghum vulgare Pers.) en General Escobedo, N.L.
260 _aMonterrey, N.L. :
_bEl autor,
_c1978
300 _a31 h.
502 _aTesis (Ing. Agrónomo) -- Univ. Autónoma de Nuevo León. Fac. de Agronomía
590 _aALEPH
_b10
_c20130110
_lUCH01
_h1226
590 _aBATCH-UPD
_b10
_c20130110
_lUCH01
_h0243
590 _aBATCH-UPD
_b10
_c20130110
_lUCH01
_h1243
590 _aBATCH-UPD
_b10
_c20130410
_lUCH01
_h1306
590 _aBATCH-UPD
_b10
_c20130913
_lUCH01
_h1901
590 _aCONVERSION
_b10
_c20130109
_lUCH01
_h1307
650 1 4 _aSorgo
_xEspaciamiento.
_9108667
650 1 4 _aSorgo
_xHíbridos.
_9108681
650 1 4 _aSorgo
_xRendimiento.
_9108714
901 _aBK
942 _cTESIS
949 _bBC
_cTES
_d-21951
_eTS1
_i10399
_si
999 _c10189
_d10189